It's not working, Brother John : (Record no. 6716)
[ view plain ]
| 000 -LEADER | |
|---|---|
| fixed length control field | 00751cam a2200253Ia 4500 |
| 001 - CONTROL NUMBER | |
| control field | 26908129 |
| 003 - CONTROL NUMBER IDENTIFIER | |
| control field | OCoLC |
| 005 - DATE AND TIME OF LATEST TRANSACTION | |
| control field | 20190119122651.0 |
| 008 - FIXED-LENGTH DATA ELEMENTS--GENERAL INFORMATION | |
| fixed length control field | 921103s1992 oku 000 0 eng d |
| 010 ## - LIBRARY OF CONGRESS CONTROL NUMBER | |
| LC control number | 93187729 |
| 020 ## - INTERNATIONAL STANDARD BOOK NUMBER | |
| International Standard Book Number | 0892748982 |
| 020 ## - INTERNATIONAL STANDARD BOOK NUMBER | |
| International Standard Book Number | 9780892748983 |
| 035 ## - SYSTEM CONTROL NUMBER | |
| System control number | (OCoLC)26908129 |
| 040 ## - CATALOGING SOURCE | |
| Original cataloging agency | TAW |
| Language of cataloging | eng |
| Transcribing agency | TAW |
| Modifying agency | DLC |
| -- | OCLCQ |
| -- | BTCTA |
| -- | BAKER |
| -- | YDXCP |
| -- | CIRBC |
| 050 00 - LIBRARY OF CONGRESS CALL NUMBER | |
| Classification number | BS680.C47 |
| Item number | A93 1992 |
| 082 04 - DEWEY DECIMAL CLASSIFICATION NUMBER | |
| Classification number | 248.4 |
| Edition number | 20 |
| Item number | A946I |
| 092 ## - LOCALLY ASSIGNED DEWEY CALL NUMBER (OCLC) | |
| Classification number | 248.4 |
| Item number | A946 |
| 100 1# - MAIN ENTRY--PERSONAL NAME | |
| Personal name | Avanzini, John F. |
| 245 10 - TITLE STATEMENT | |
| Title | It's not working, Brother John : |
| Remainder of title | 25 things that close the windows of Heaven / |
| Statement of responsibility, etc. | by John Avanzini. |
| 260 ## - PUBLICATION, DISTRIBUTION, ETC. | |
| Place of publication, distribution, etc. | Tulsa, Okla. : |
| Name of publisher, distributor, etc. | Harrison House, |
| Date of publication, distribution, etc. | c1992. |
| 300 ## - PHYSICAL DESCRIPTION | |
| Extent | 217 p. ; |
| Dimensions | 21 cm. |
| 650 #0 - SUBJECT ADDED ENTRY--TOPICAL TERM | |
| Topical term or geographic name entry element | Christian life. |
| 942 ## - ADDED ENTRY ELEMENTS (KOHA) | |
| Source of classification or shelving scheme | Dewey Decimal Classification |
| Koha item type | Books |
| Withdrawn status | Lost status | Source of classification or shelving scheme | Damaged status | Not for loan | Collection code | Home library | Current library | Shelving location | Date acquired | Cost, normal purchase price | Total Checkouts | Full call number | Barcode | Date last seen | Price effective from | Koha item type |
|---|---|---|---|---|---|---|---|---|---|---|---|---|---|---|---|---|
| Dewey Decimal Classification | Non-fiction | Harvest Mission College | Harvest Mission College | General Stacks | 19.01.2019 | 1350.00 | 248.4 A946I | 007642 | 19.01.2019 | 19.01.2019 | Books |
